| 000 | 01359nam a2200325 a 4500 | ||
|---|---|---|---|
| 700 |
_aНиколов, Любомир Славов, 1950 - _eсъстав., прев. от англ. и предг. _9242031 |
||
| 999 |
_c170173 _d170173 |
||
| 003 | BLK | ||
| 005 | 20230713005232.0 | ||
| 008 | 180411b bul|||||r ||||||| ||bul|| | ||
| 010 | _aKNG00178283000 | ||
| 020 | _a954-444-005-4 | ||
| 040 | _aBLK | ||
| 041 |
_aBUL _cBUL |
||
| 080 |
_aАмериканска литература (на САЩ) _b821.111(73) _x-322.9 _z821.111(73)-322.9 |
||
| 100 | 1 |
_aЛъвкрафт, Хауърд Филипс _eпърви автор _9308180 |
|
| 139 |
_aЛъвкрафт, Хауърд Филипс _bЛ 93 |
||
| 245 | 1 | 0 |
_aДебнещият страх _bФантастика на ужаса : Сб. разкази _cХауърд Филипс Лъвкрафт; състав., прев. от англ. и предг. Любомир Николов |
| 257 | _aUSA | ||
| 260 |
_aСофия _bОрфия _c1991 |
||
| 300 |
_a158 с. _c17 см |
||
| 380 | _aX | ||
| 490 |
_aФантастика _v005 _9201187 _xC622-2676 |
||
| 852 | _aЦб І 25306 | ||
| 856 | 4 |
_qpdf _i0.00 _ldisable |
|
| 856 | 4 |
_qpdf _i0.00 _ldisable |
|
| 942 |
_cKNG _n0 _s1 |
||
| 944 |
_aCR _c07.05.2014 _k _lCRON CRON |
||
| 944 |
_aED _c06.10.2017 _kВиолета_Тройчева |
||
| 999 | _d170173 | ||